000 00421cam a2200169ua 4500
020 _c25.00
041 _ahin
_h
082 _a891.54
_bJAY/BH
100 _aJayant, Nalin .
245 _aBhaktikavyamem mathurya bhav ka swaroop /
_cJayanth Nalin.
_hTextual Documents
260 _a :
_bBansal and company ,
_c1966.
300 _a283 ; .
365 _a25.00
504 _a
942 _cBK
999 _c8170
_d8170